| 000 | 00616nam a2200205Ia 4500 | ||
|---|---|---|---|
| 003 | GCL | ||
| 008 | 140319s9999 xx 000 0 ara d | ||
| 040 |
_aGCL / _cGCL |
||
| 082 | 0 | 4 |
_a101 _bب ع |
| 100 | 1 | _aعدنان خالد (مترجم) | |
| 245 | 1 | 0 |
_aالعلم والقيم الانسانية / _cعدنان خالد (مترجم) |
| 700 | 1 | _aبرونسكى، ج | |
| 260 |
_a[S.N] : _bدار المامون للترجمة والنشر ، _c1989 |
||
| 300 | _a198 ص | ||
| 490 | _a | ||
| 650 | 0 | 4 | _aالفلسفة |
| 650 | 0 | 4 | _aنظريات |
| 650 | 0 | 4 | _aالفلسفة الغربية |
| 942 |
_2ddc _cBK |
||
| 999 |
_c32454 _d32454 |
||